Mercentile Law (Record no. 965)

MARC details
000 -LEADER
fixed length control field 00399nam a22001697a 4500
005 - DATE AND TIME OF LATEST TRANSACTION
control field 20180417112045.0
008 - FIXED-LENGTH DATA ELEMENTS--GENERAL INFORMATION
fixed length control field 160517b xxu||||| |||| 00| 0 eng d
020 ## - INTERNATIONAL STANDARD BOOK NUMBER
ISBN 978-81-7446-561-0
041 ## - LANGUAGE CODE
Language code of text/sound track or separate title eng
082 ## - DEWEY DECIMAL CLASSIFICATION NUMBER
Item number 2650
Classification number 346.07
100 ## - MAIN ENTRY--AUTHOR NAME
Personal name Gulshan S.S.
245 ## - TITLE STATEMENT
Title Mercentile Law
260 ## - PUBLICATION, DISTRIBUTION, ETC. (IMPRINT)
Place of publication New Delhi
Name of publisher Excel Books,
Year of publication 2001
300 ## - PHYSICAL DESCRIPTION
Number of Pages 844
650 ## - SUBJECT ADDED ENTRY--TOPICAL TERM
Topical Term Management
942 ## - ADDED ENTRY ELEMENTS (KOHA)
Koha item type Books
Holdings
Lost status Damaged status Collection code Home library Current library Shelving location Date acquired Cost, normal purchase price Full call number Accession Number Koha item type
    LAW JRU Library   SHELF-32-C 17/05/2016 295.00 346.07 2650 Books
    LAW JRU Library JRU Library SHELF-31-A 17/05/2016 295.00 346.07 2651 Books
    LAW JRU Library JRU Library SHELF-31-A 17/05/2016 295.00 346.07 2652 Books
    LAW JRU Library JRU Library SHELF-31-A 17/05/2016 295.00 346.07 2653 Books
    LAW JRU Library JRU Library SHELF-31-A 17/05/2016 295.00 346.07 2654 Books
    LAW JRU Library JRU Library SHELF-31-A 17/05/2016 295.00 346.07 2655 Books